| Tag |
First Indicator |
Second Indicator |
Subfields |
| LEADER |
00000cam a22000008a 4500 |
| 001 |
in00001407062 |
| 005 |
20151020073113.0 |
| 008 |
950418r19951907nyu 000 1 eng |
| 010 |
|
|
|a 95017833
|
| 020 |
|
|
|a 0517124203
|
| 035 |
|
|
|a (OCoLC)32466872
|
| 035 |
|
|
|9 AHQ4033AM
|
| 040 |
|
|
|a DLC
|c DLC
|d NRM
|d TXA
|d UtOrBLW
|
| 049 |
|
|
|a TXAM
|
| 050 |
0 |
0 |
|a PR4611
|b .A7 1995
|
| 082 |
0 |
0 |
|a [Fic]
|2 20
|
| 100 |
1 |
|
|a Carroll, Lewis,
|d 1832-1898.
|
| 245 |
1 |
0 |
|a Alice's adventures in Wonderland /
|c Lewis Carroll ; illustrated by Arthur Rackham.
|
| 263 |
|
|
|a 9506
|
| 264 |
|
1 |
|a New York :
|b Gramercy Books,
|c 1995.
|
| 300 |
|
|
|a xiii, 161 pages :
|b illustrations ;
|c 27 cm.
|
| 336 |
|
|
|a text
|b txt
|2 rdacontent
|
| 337 |
|
|
|a unmediated
|b n
|2 rdamedia
|
| 338 |
|
|
|a volume
|b nc
|2 rdacarrier
|
| 520 |
|
|
|a In this facsimile of the 1907 edition, a little girl falls down a rabbit hole and discovers a world of nonsensical and amusing characters.
|
| 536 |
|
|
|a Given in memory of Wayne Walker by Susie and Joe Powell ; July, 1997.
|
| 650 |
|
1 |
|a Fantasy.
|
| 700 |
1 |
|
|a Rackham, Arthur,
|d 1867-1939,
|e illustrator.
|
| 948 |
|
|
|a c:pk
|
| 999 |
|
|
|a MARS
|
| 999 |
f |
f |
|s 438d7620-30b6-3282-845a-0a67230f4d6e
|i be792b1b-6ccc-3166-963b-be13777602eb
|t 0
|
| 952 |
f |
f |
|p normal
|a Texas A&M University
|b College Station
|c Sterling C. Evans Library
|d Evans: Library Stacks
|t 0
|e PR4611 .A7 1995
|h Library of Congress classification
|i unmediated -- volume
|m A14823346341
|
| 998 |
f |
f |
|a PR4611 .A7 1995
|t 0
|l Evans: Library Stacks
|